[Event "Bottom-Half Class U1300"]
[Site "Farmington Hills, MI"]
[Date "2001.06.10"]
[Round "5.33"]
[White "Ceterski, Martha"]
[Black "Haddad, Wade"]
[Result "1/2-1/2"]
[WhiteElo "1209"]
[BlackElo "1281"]
[PlyCount "89"]
[EventDate "2001.06.09"]

1. d4 d5 2. c4 c6 3. c5 Nf6 4. Nc3 g6 5. Bf4 Bg7 6. Nf3 O-O 7. e3 Nbd7 8. h3
Re8 9. Bd3 Nh5 10. Bh2 e5 11. Nxe5 Nxe5 12. Bxe5 Bxe5 13. dxe5 Rxe5 14. O-O f5
15. Ne2 Nf6 16. b4 Bd7 17. Qb3 Be8 18. Rac1 Bf7 19. Qb2 Nd7 20. a4 a6 21. b5
axb5 22. axb5 Rb8 23. bxc6 bxc6 24. Qc3 Qc7 25. Rb1 Ree8 26. Nd4 Rec8 27. Bc2
Ne5 28. Rxb8 Rxb8 29. Rb1 Rxb1+ 30. Bxb1 Nc4 31. Bc2 Qa5 32. Qxa5 Nxa5 33. Kf1
Kf8 34. Ke2 Ke7 35. Kd3 Be8 36. Ba4 Kf6 37. f4 h6 38. g3 Bd7 39. Nf3 g5 40. Ne5
Be8 41. Kd4 gxf4 42. exf4 h5 43. h4 Ke6 44. Bc2 Kf6 45. Ba4 1/2-1/2

[Event "Bottom-Half Class U1700"]
[Site "Farmington Hills, MI"]
[Date "2001.06.10"]
[Round "4.20"]
[White "Ceterski, Ken"]
[Black "Biache, August"]
[Result "1-0"]
[WhiteElo "1628"]
[BlackElo "1500"]
[PlyCount "79"]
[EventDate "2001.06.09"]

1. d4 Nf6 2. c4 g6 3. Nc3 Bg7 4. e4 d6 5. f4 O-O 6. Nf3 c5 7. d5 e5 8. fxe5
dxe5 9. Be2 Nh5 10. O-O Nf4 11. Be3 Nd7 12. Qd2 Qa5 13. Bxf4 exf4 14. Qxf4 Bxc3
15. bxc3 Qxc3 16. Qd2 Qxd2 17. Nxd2 Ne5 18. Nf3 Nxf3+ 19. gxf3 Bh3 20. Rf2 a6
21. a4 f6 22. Rb1 b5 23. cxb5 axb5 24. Bxb5 Rfb8 25. Rc1 Rc8 26. Rfc2 c4 27.
Rxc4 Rxc4 28. Rxc4 Rc8 29. Rxc8+ Bxc8 30. a5 Kf7 31. a6 Bxa6 32. Bxa6 Ke7 33.
Kf2 Kd6 34. h4 g5 35. hxg5 fxg5 36. Kg3 Ke5 37. Kg4 h6 38. Bc8 Kf6 39. Kh5 Ke5
40. Bg4 {Black Resigns} 1-0

[Event "Bottom-Half Class Top Section"]
[Site "Farmington Hills, MI"]
[Date "2001.06.10"]
[Round "5.3"]
[White "Ceterski, Justin"]
[Black "Ward, Tom"]
[Result "1-0"]
[WhiteElo "1925"]
[BlackElo "2215"]
[PlyCount "71"]
[EventDate "2001.06.08"]

1. d4 Nf6 2. c4 e6 3. Nc3 Bb4 4. Bg5 c5 5. d5 Bxc3+ 6. bxc3 d6 7. e4 h6 8. Bxf6
Qxf6 9. Qd2 e5 10. Ne2 Nd7 11. Ng3 g6 12. Bd3 Qg7 13. Ne2 b6 14. a4 a5 15. Rb1
Rb8 16. g3 g5 17. Qe3 Kd8 18. Kd2 Kc7 19. Rhg1 g4 20. Rgf1 Re8 21. f3 f5 22.
exf5 gxf3 23. Nf4 exf4 24. Qxe8 fxg3 25. Rxf3 gxh2 26. Qg6 Qf8 27. f6 Ne5 28.
Qg7+ Bd7 29. Rf4 Re8 30. Rh1 Kc8 31. Rxh2 Ng4 32. f7 Nxh2 33. fxe8=Q+ Qxe8 34.
Rf7 Ng4 35. Rxd7 Qe3+ 36. Kc2 1-0

[Event "Bottom-Half Class U1700"]
[Site "Farmington Hills, MI"]
[Date "2001.06.10"]
[Round "4.20"]
[White "Carpenter, George"]
[Black "Raban, David"]
[Result "1-0"]
[WhiteElo "1400"]
[BlackElo "1636"]
[PlyCount "67"]
[EventDate "2001.06.09"]

1. e4 e6 2. d4 d5 3. Nc3 Bb4 4. exd5 exd5 5. Bd2 Nc6 6. Nf3 Bg4 7. Be3 Nf6 8.
Qd3 Qd7 9. Be2 Bf5 10. Qd1 Ne4 11. Bd2 O-O-O 12. O-O g5 13. Nxe4 dxe4 14. Ne5
Nxe5 15. Bxb4 Qxd4 16. Qxd4 Rxd4 17. Bc3 Rd5 18. f4 exf3 19. Bxf3 Nxf3+ 20.
Rxf3 Re8 21. Kf2 Kd7 22. Rc1 Bg6 23. Re3 Re4 24. Kf3 Rf4+ 25. Ke2 Bh5+ 26. Ke1
Rdf5 27. Kd2 Rf2+ 28. Kd3 Bg6 29. Kc4 Rxg2 30. h3 Rf4+ 31. Kb3 Re4 32. Rd1+ Ke6
33. Rde1 Rxc2 34. Rxe4+ {Black Resigns} 1-0

[Event "Bottom-Half Class U1500"]
[Site "Farmington Hills, MI"]
[Date "2001.06.10"]
[Round "5.25"]
[White "Carpenter, George"]
[Black "Kahn, Aaron"]
[Result "0-1"]
[WhiteElo "1400"]
[BlackElo "1317"]
[PlyCount "72"]
[EventDate "2001.06.09"]

1. e4 e6 2. Nf3 Be7 3. g3 d5 4. e5 c5 5. Bg2 Nc6 6. O-O Qc7 7. d3 Nxe5 8. Bf4
Bd6 9. Re1 Nxf3+ 10. Qxf3 Bxf4 11. gxf4 Nf6 12. Nc3 O-O 13. Kh1 g6 14. Rg1 Nh5
15. Ne2 Ng7 16. Bh3 Bd7 17. Bg4 d4 18. Qg3 Bc6+ 19. f3 f5 20. Bh3 Nh5 21. Qf2
Nxf4 22. Qg3 e5 23. Nxf4 exf4 24. Qf2 Rae8 25. Rae1 Re3 26. Bg2 b6 27. h4 Qb7
28. Ref1 Rfe8 29. h5 g5 30. Kh2 Re2 31. Bh3 Rxf2+ 32. Rxf2 h6 33. Bxf5 Bxf3 34.
a3 Re2 35. Rgf1 Rxf2+ 36. Rxf2 Bxh5 {White Resigns} 0-1

[Event "Bottom-Half Class Top Section"]
[Site "Farmington Hills, MI"]
[Date "2001.06.10"]
[Round "4.2"]
[White "Aramil, William"]
[Black "O'Donnell, Robert"]
[Result "0-1"]
[WhiteElo "2030"]
[BlackElo "2180"]
[Annotator "Bob Ciaffone"]
[PlyCount "36"]
[EventDate "2001.06.08"]

{Diagram after white's move 13 with caption, "What should Black play?" Opening:
Classical Nimzo. Caption: "A Premature Attack." Blurb: "Black plays the
opening in a lackadaisical manner. However, white fails to complete
development before opening lines to launch an assult. We should not be
surprised when his better-developed opponent turns out to be the real attacker.
"} 1. d4 Nf6 2. c4 e6 3. Nc3 Bb4 4. Qc2 {This move inaugerates the Classical
Variation of the Nimzo-Indian Defense, one of the topical lines at top-level
play.} d5 5. a3 Bxc3+ 6. Qxc3 Nc6 {A typical Classical Nimzo theme has arisen.
White has lost time in order to acquire the bishop-pair, so Black is ahead in
development. Black has to use this time advantage to open the game before
White gets developed, or the bishops may cut him to pieces later on.} 7. Nf3
Ne4 8. Qc2 O-O {This looks natural, but is not in the spirit of this variation.
Black should sacrifice a pawn with 8...e5! 9.dxe5 Bf5.} 9. e3 Bd7 {We see the
onsequences of black's routine development; his bishop has to go to a
prospectless square.} 10. Bd3 f5 11. Bd2 $2 {I simply do not understand a move
like this. White spent time to get the bishops...to do this? Either castling
or b3 with the idea Bb2 must be better than a move like Bd2.} a5 12. h4 $2 {
One would think white's previous move had been a preparation for castling
queenside, but evidently it wasn't.} Be8 {Black uses the time white is
spending to gather an attack by bringing his misplaced bishop into action.} 13.
g4 $2 Nxf2 $3 {A beautiful shot that destroys white's position.} 14. Kxf2 fxg4
15. Bxh7+ $2 {White gets his pawn back, but...} Kh8 16. Rag1 Rxf3+ 17. Ke1 Rh3
$1 {White is totally busted, because the black queen is going to enter the
battle with decisive effect.} 18. h5 Qh4+ {Black misplayed the opening; White
misplayed the middlegame. The latter is the more grevious chess error.} 0-1

[Event "GCCC June Action Mini-Swiss.1"]
[Site "Flint, MI"]
[Date "2001.06.20"]
[Round "3.3"]
[White "Morris, Jewell"]
[Black "Aldrich, Jeff"]
[Result "1-0"]
[WhiteElo "1852"]
[BlackElo "1917"]
[PlyCount "47"]
[EventDate "2001.06.20"]

1. d4 d5 2. c4 c6 3. Nc3 Nf6 4. Bg5 e6 5. Qc2 h6 6. Bxf6 Qxf6 7. Nf3 Nd7 8. e4
dxe4 9. Nxe4 Bb4+ 10. Nc3 O-O 11. Bd3 e5 12. O-O exd4 13. Ne4 Qf4 14. Nxd4 Ne5
15. g3 Qg4 16. Be2 Qh3 17. Nf3 Ng4 18. c5 Ba5 19. Nd6 Be6 20. Bc4 Bc7 21. Rfe1
b6 22. Bf1 Qh5 23. h3 Nf6 24. Re5 1-0

[Event "GCCC June Action Mini-Swiss.1"]
[Site "Flint, MI"]
[Date "2001.06.20"]
[Round "1.1"]
[White "Aldrich, Jeff"]
[Black "Kriseler, Mark"]
[Result "0-1"]
[WhiteElo "1917"]
[BlackElo "1952"]
[PlyCount "85"]
[EventDate "2001.06.20"]

1. d4 b5 2. e4 Bb7 3. Nd2 a6 4. b3 c5 5. Bb2 cxd4 6. Bxd4 Nc6 7. Bb2 d5 8. exd5
Qxd5 9. Ngf3 Nf6 10. c4 Qe6+ 11. Be2 bxc4 12. Nxc4 Rd8 13. Qc2 Nb4 14. Qb1 Bxf3
15. gxf3 Nd3+ 16. Kf1 Qh3+ 17. Kg1 Nf4 18. Bf1 Qxf3 19. Ne3 Ng4 20. Qc2 Nxe3
21. fxe3 Qxe3+ 22. Qf2 Qxf2+ 23. Kxf2 Nd3+ 24. Bxd3 Rxd3 25. Ke2 Rd7 26. Rac1
f6 27. Rc8+ Kf7 28. Ra8 Rd6 29. Rc1 g6 30. Rcc8 h5 31. h4 Rg8 32. Ba3 Re6+ 33.
Kf3 g5 34. hxg5 fxg5 35. Bc5 Reg6 36. b4 g4+ 37. Kg3 Rf6 38. a4 Rf3+ 39. Kg2 h4
40. b5 h3+ 41. Kh2 axb5 42. axb5 Rb3 43. Rcb8 0-1

[Event "GCCC June Action Mini-Swiss.1"]
[Site "Flint, MI"]
[Date "2001.06.20"]
[Round "2.2"]
[White "Aldrich, Jeff"]
[Black "Hickey, Gene"]
[Result "0-1"]
[WhiteElo "1917"]
[BlackElo "1941"]
[PlyCount "48"]
[EventDate "2001.06.20"]

1. d4 a6 2. c4 e6 3. Nc3 Nf6 4. e3 b6 5. Nf3 Bb7 6. Bd3 Nc6 7. a3 Ne7 8. O-O
Ng6 9. Qe2 Bd6 10. b4 c5 11. Rb1 Qc7 12. h3 O-O 13. Ng5 Rac8 14. Nge4 cxd4 15.
Nxf6+ gxf6 16. exd4 f5 17. Qh5 Kh8 18. Ne2 Rg8 19. Bg5 Be7 20. Bxe7 Nxe7 21.
Ng3 Rg7 22. Qh4 Ng6 23. Qf6 Bxg2 24. Nh5 Rcg8 0-1

[Event "Michigan Senior"]
[Site "Ann Arbor, MI"]
[Date "2001.06.23"]
[Round "2.6"]
[White "Yufa, Leonid"]
[Black "Steen, Harold"]
[Result "1-0"]
[WhiteElo "1704"]
[BlackElo "1643"]
[PlyCount "63"]
[EventDate "2001.06.23"]

1. e4 c5 2. Nf3 e6 3. d4 cxd4 4. Nxd4 Nf6 5. Nc3 d6 6. Be3 a6 7. Qd2 Nc6 8. Bd3
Qc7 9. f3 Be7 10. O-O-O b5 11. g4 Bb7 12. g5 Nd7 13. a3 Nce5 14. f4 Nxd3+ 15.
Qxd3 Rc8 16. Rhf1 Nc5 17. Qe2 Nxe4 18. Bd2 d5 19. Nxe4 dxe4 20. Bc3 Bxa3 21.
Kb1 Bd6 22. f5 Bd5 23. fxe6 fxe6 24. Qh5+ g6 25. Qh3 Qe7 26. Rf6 Kd7 27. Rdf1
Rcf8 28. Ne2 Rhg8 29. Rxf8 Rxf8 30. Bf6 Qf7 31. Nd4 Bc6 32. Rd1 1-0

[Event "Michigan Senior"]
[Site "Ann Arbor, MI"]
[Date "2001.06.23"]
[Round "1.3"]
[White "Williams, Ron"]
[Black "Yufa, Leonid"]
[Result "1-0"]
[WhiteElo "1999"]
[BlackElo "1704"]
[PlyCount "84"]
[EventDate "2001.06.23"]

1. c4 e5 2. Nc3 Nc6 3. g3 Nf6 4. Bg2 Bc5 5. Nf3 O-O 6. O-O d6 7. a3 e4 8. Ng5
Re8 9. Ngxe4 Nxe4 10. Nxe4 Bb6 11. e3 Bf5 12. d3 Ne5 13. b3 Qe7 14. f3 c6 15.
d4 Nd7 16. Nc3 Nf6 17. e4 Bg6 18. Kh1 h6 19. Bb2 Bc7 20. Qd2 Rad8 21. Rae1 Qd7
22. d5 cxd5 23. cxd5 Bb6 24. Na4 Qb5 25. Nxb6 Qxb6 26. b4 Nd7 27. Rc1 Rc8 28.
Bh3 Rxc1 29. Rxc1 Nf6 30. Bxf6 gxf6 31. Qxh6 Qf2 32. Bg2 Qb2 33. Qe3 Kg7 34.
Qc3 Qe2 35. g4 Rh8 36. g5 Kh7 37. gxf6 Kh6 38. Re1 Rc8 39. Qa1 Qf2 40. Rf1 Qd2
41. Qe1 Qb2 42. Qh4+ Bh5 1-0

[Event "Michigan Senior U1600"]
[Site "Ann Arbor, MI"]
[Date "2001.06.23"]
[Round "1.7"]
[White "Wiener, Jack"]
[Black "Roth, Bruce"]
[Result "0-1"]
[WhiteElo "1415"]
[BlackElo "1535"]
[PlyCount "190"]
[EventDate "2001.06.23"]

1. d4 Nf6 2. c4 g6 3. Nc3 Bg7 4. e4 d6 5. Nf3 O-O 6. Be2 Nbd7 7. h3 e5 8. Be3
Re8 9. O-O exd4 10. Nxd4 Nxe4 11. Nf3 Nxc3 12. bxc3 Bxc3 13. Rb1 Bg7 14. Qd2
Nf6 15. Rfd1 b6 16. Qc2 Bf5 17. Bd3 Bxd3 18. Qxd3 Ne4 19. Rbc1 Qc8 20. Nh2 Qe6
21. Re1 Qd7 22. Ng4 Nf6 23. Nh2 Re7 24. Rc2 Rae8 25. Rce2 c5 26. Rd1 Rd8 27.
Red2 Re6 28. Bf4 Bf8 29. Bg5 Be7 30. Bh6 Bf8 31. Bg5 Rde8 32. Be3 Bg7 33. Nf3
h6 34. Re2 Ne4 35. Rc2 Rd8 36. Nh2 Nf6 37. Rcd2 d5 38. cxd5 Rd6 39. Bf4 Rxd5
40. Qc2 Rxd2 41. Rxd2 Qc8 42. Nf3 Rxd2 43. Qxd2 h5 44. Be5 Qd7 45. Qb2 Ne8 46.
Bxg7 Nxg7 47. Ng5 Qd4 48. Qe2 Qf6 49. Nf3 Ne6 50. Qa6 Qe7 51. Qe2 Kf8 52. Qe3
g5 53. Qe5 f6 54. Qf5 Nd4 55. Qg6 Nxf3+ 56. gxf3 Qf7 57. Qc2 h4 58. Qd2 Ke8 59.
Qe2+ Qe7 60. Qb5+ Kf8 61. a4 Qe1+ 62. Kg2 Qe8 63. Qb2 Kg7 64. Qc2 Qe5 65. Qd3
Qd4 66. Qb5 c4 67. Qc6 a5 68. Qc7+ Kg6 69. Qc8 c3 70. Qg8+ Kf5 71. Qh7+ Ke5 72.
Qc7+ Kd5 73. Qd7+ Kc5 74. Qb5+ Kd6 75. Qe8 c2 76. Qd8+ Ke5 77. Qe8+ Kd5 78. Qc8
Qxa4 79. Qf5+ Kc4 80. Qe4+ Kb3 81. Qd5+ Qc4 82. Qd6 c1=Q 83. Qxb6+ Qb4 84. Qxf6
Qbe1 85. Qb6+ Ka4 86. Qd4+ Kb3 87. Qd5+ Kc2 88. Qf5+ Kd1 89. Qb5 Qc2 90. Qd5+
Qed2 91. Qxd2+ Qxd2 92. f4 gxf4 93. Kf3 Ke1 94. Kg4 Qxf2 95. Kh5 Qg3 0-1

[Event "Michigan Senior"]
[Site "Ann Arbor, MI"]
[Date "2001.06.23"]
[Round "2.4"]
[White "Vandivier, Don"]
[Black "McCarter, Robert"]
[Result "1-0"]
[WhiteElo "1874"]
[BlackElo "1600"]
[Annotator "Phil Roe"]
[PlyCount "93"]
[EventDate "2001.06.23"]

{This game doesn't win any prizes for accuracy. The Michigan Chess editor
plays wild aggressive chess throughout, and black should have called him on it.
Nevertheless, the game is replete with chess drama, and you will have fun
trying to figure out what was going on.} 1. e4 c5 2. Nf3 Nc6 3. d4 cxd4 4. Nxd4
Nf6 5. Nc3 d6 6. Bc4 e6 7. Be3 a6 8. Bb3 Qc7 9. g4 $2 {This vigorous move has
for some time been fashionable against many lines of the Open Sicilian, but
require careful timing. In particular, the reply ...e5 is often critical. Here,
it is ineffective at once because of 9...e5? 10.Nxc6, so black needs to
exchange on d4 first, and should have done so at once, without interposing the
timid ...h6.} ({For future reference, not that the proper way for white to
build an attack in this position is either the quiet} 9. Qe2 {Velimirovic
Attack}) ({or the aggresive} 9. f4 {Sozin, or Fischer Attack.}) 9... h6 $2 10.
h4 $2 Nxd4 $1 11. Qxd4 e5 $1 {Finally, black sees it; white tries to bail out
by creating complications.} 12. Nd5 $5 Nxd5 13. Qxd5 Be6 $2 {I can't see why
black doesn't just take the pawn on g4.} 14. Ba4+ $5 ({Simpler and better was} 
14. Qd1 {with positional advantage due to the weak pawn on d6 and the cramped
bishop on f8.}) 14... Ke7 $1 15. Qd1 Qa5+ 16. c3 Bxg4 $1 17. Qxg4 Qxa4 {So,
eventually, black has won the pawn, after all, but at some cost in
inconvenience.} 18. h5 Qc4 19. O-O-O {Black should now just grab the a-pawn,
but plays another timid move.} Qe6 $2 20. Qh4+ Ke8 21. Rd5 f5 {But, now black
is too bold! he begins tactical play with only his queen in action.} 22. Qh3 $6
({Briefly regaining the pawn, but he could have played again more simply with} 
22. Rg1 $1 {intending 23.Rg6 and simply answering} fxe4 {with} 23. Qxe4) 22...
Kf7 23. Qxf5+ Qxf5 24. exf5 Kf6 25. f4 {White will soon be down a pawn again,
so he correctly opens lines before black can complete development.} Kxf5 26.
fxe5 Ke4 $5 {And now, he is made bolder perhaps by the disappearance of the
queens, and looks to win a piece with his king while all his other pieces idle
at home. White allows this, seeing that he will a huge d-pawn in compensation.
DIAGRAM White seems to have lost a piece. Could he have saved it? Should he
have sacrificed it?} 27. Rhd1 ({An alternative was} 27. Rd4+ $1 {when if black
takes the bishop he gets nicely mated by} Kxe3 ({Therefore, black must take
the pawn instead and after} 27... Kxe5 28. Bf4+ Kf6 29. Bxd6 Bxd6 30. Rxd6+ Ke7
31. Rb6 {white would have a big plus in the double rook ending. Although, I am
not sure he is winning.}) 28. Rh3+ Kf2 29. Rd2+ Kg1 30. Re3 Kf1 31. Kd1 $3)
27... Kxe3 28. exd6 Rd8 29. d7 g5 {It is quite hard to find an alternative.}
30. hxg6 Bg7 31. Re1+ Kf2 $2 ({Black is probably winning after} 31... Kf4 $1 {
when black seems able to consolidate, keeping the h-pawn as a big asset.}) 32.
Re7 Rhg8 {Here is the point. With his king on f4, black could now play 32...
Bf6 33.Rf7 Rhf8, when white has no good follow-up.} ({But if here} 32... Bf6 {
then} 33. Rf5+) 33. Rf5+ Kg3 34. Rff7 Bxc3 ({Black may have been too short of
time to comptemplate the humiliating} 34... Bf8 {but it seems to lose anyway
after} 35. Re8 Bd6 36. Rxg8 Rxg8 37. g7 h5 38. Rf6 {followed by Re6}) 35. bxc3
Rxg6 36. Re8 Rg8 37. Rfe7 Kf2 38. Rxg8 Rxg8 39. Re8 Rg1+ 40. Kd2 Ra1 41. Rf8+
Kg3 42. d8=Q Rxa2+ 43. Ke3 Rc2 44. Rg8+ Kh3 45. Qd7+ Kh2 46. Qd6+ Kh1 47. Qd5+
{A very sharp game full of instructive situations and in which almost every
move was critical. I could have given many more notes than I did. See if you
can pick a hole in my analysis, or if you can find any alternative lines. I
think that there are some.} 1-0

[Event "Michigan Senior"]
[Site "Ann Arbor, MI"]
[Date "2001.06.23"]
[Round "1.4"]
[White "Steen, Harold"]
[Black "LaForge, Tom"]
[Result "0-1"]
[WhiteElo "1643"]
[BlackElo "1978"]
[PlyCount "106"]
[EventDate "2001.06.23"]

1. d4 e6 2. Nf3 f5 3. c4 Nf6 4. g3 d5 5. Bg2 c6 6. Nbd2 Bd6 7. O-O b6 8. e3 O-O
9. Ne5 Bb7 10. f4 Nbd7 11. b3 Ne4 12. Bb2 Rc8 13. Ndf3 Ndf6 14. Rc1 Qe7 15. Rc2
Rfd8 16. Qc1 Ba6 17. a3 Bb7 18. Re1 Qe8 19. b4 c5 20. bxc5 bxc5 21. Nd2 Nxd2
22. Rxd2 Ne4 23. Rc2 dxc4 24. Nxc4 cxd4 25. Nxd6 Rxc2 26. Qxc2 Rxd6 27. Bxd4
Qd7 28. Qb2 Ra6 29. Rb1 Bd5 30. Qb8+ Kf7 31. Rc1 Rc6 32. Rxc6 Bxc6 33. Qxa7
Qxa7 34. Bxa7 Ke7 35. Bf1 Nd2 36. Be2 Nf3+ 37. Kf2 Nxh2 38. Bd1 Kd7 39. a4 Ng4+
40. Ke2 Nf6 41. Bd4 Ne4 42. Bxg7 Nxg3+ 43. Kd3 Ne4 44. Kd4 Nf2 45. Bb3 Ng4 46.
a5 h5 47. a6 Ke7 48. Bc2 h4 49. e4 h3 50. Bd1 Bxe4 51. Bxg4 h2 52. Ke5 h1=Q 53.
Bf6+ Ke8 0-1

[Event "Michigan Senior"]
[Site "Ann Arbor, MI"]
[Date "2001.06.23"]
[Round "1.5"]
[White "Smith, Michael R"]
[Black "Matias, I.C."]
[Result "1-0"]
[WhiteElo "1946"]
[BlackElo "1613"]
[PlyCount "79"]
[EventDate "2001.06.23"]

1. e4 c6 2. d4 d5 3. Nc3 dxe4 4. Nxe4 Bf5 5. Ng3 Bg6 6. Nf3 Nd7 7. h4 h6 8. h5
Bh7 9. Bd3 Bxd3 10. Qxd3 Qc7 11. Bd2 Ngf6 12. O-O-O e6 13. Qe2 Bd6 14. Nf5
O-O-O 15. Nxd6+ Qxd6 16. Ne5 Rhf8 17. Bf4 Nd5 18. Bg3 Qb4 19. a3 Qa4 20. Nc4
N7b6 21. Nd6+ Rxd6 22. Bxd6 Rd8 23. Bg3 Nc4 24. Qd3 b5 25. Qb3 Qa6 26. Kb1 Rd7
27. f3 Qb6 28. Rhe1 Rb7 29. Rd3 Na5 30. Qa2 Kd7 31. c3 Qa6 32. Kc2 b4 33. axb4
Rxb4 34. Ra1 Rb5 35. b4 Nxb4+ 36. cxb4 Rxb4 37. Qxa5 Qc4+ 38. Kd2 Rb2+ 39. Ke3
Rb7 40. Qc3 1-0

[Event "Michigan Senior U1600"]
[Site "Ann Arbor, MI"]
[Date "2001.06.23"]
[Round "1.8"]
[White "Scioly, Tony"]
[Black "Crysler, Jerry"]
[Result "1-0"]
[WhiteElo "1533"]
[BlackElo "1372"]
[PlyCount "55"]
[EventDate "2001.06.23"]

1. e4 c5 2. Nf3 g6 3. d4 Bg7 4. Nc3 cxd4 5. Nxd4 Nc6 6. Be3 Nf6 7. f3 O-O 8.
Qd2 a6 9. O-O-O b5 10. Nxc6 Qc7 11. Nxe7+ Kh8 12. Ned5 Qc6 13. Nxf6 Bxf6 14.
Bd4 Bb7 15. Bxf6+ Qxf6 16. Qd4 Qxd4 17. Rxd4 Bc6 18. Nd5 Rfd8 19. g3 a5 20. Bh3
Ra7 21. Rhd1 Kg7 22. Ne7 Ba8 23. Rxd7 Rdxd7 24. Rxd7 Ra6 25. Nd5 b4 26. Nc7 b3
27. cxb3 Rf6 28. Ne8+ 1-0

[Event "Michigan Senior U1600"]
[Site "Ann Arbor, MI"]
[Date "2001.06.23"]
[Round "1.9"]
[White "Saylor, Oliver"]
[Black "Griffin, John"]
[Result "1/2-1/2"]
[WhiteElo "1348"]
[BlackElo "1592"]
[PlyCount "122"]
[EventDate "2001.06.23"]

1. e4 c5 2. Nf3 Nc6 3. Bc4 e6 4. O-O a6 5. a3 b5 6. Be2 g6 7. Nc3 Bg7 8. Rb1
Nge7 9. d3 d5 10. exd5 Nxd5 11. Ne4 Qe7 12. Bg5 Qa7 13. Nd6+ Kf8 14. Qd2 h6 15.
Bh4 Nde7 16. Bg3 Nf5 17. c3 Nxg3 18. fxg3 Qc7 19. Ne4 Ne5 20. Qe3 Ng4 21. Qxc5+
Qxc5+ 22. Nxc5 Ra7 23. Nh4 Nf6 24. Ne4 Ke7 25. Nxf6 Bxf6 26. Nf3 Rc7 27. d4 Bg7
28. Rbe1 Rd8 29. Ne5 Bxe5 30. dxe5 Rd2 31. Bf3 Rxb2 32. Bd1 Rxc3 33. Rf3 Rxf3
34. gxf3 Rd2 35. a4 Bd7 36. Be2 f6 37. exf6+ Kxf6 38. axb5 axb5 39. h4 Rb2 40.
Kf1 Bc6 41. Rc1 Bd5 42. Rc5 b4 43. f4 g5 44. fxg5+ hxg5 45. h5 Rb3 46. Kf2 Rc3
47. Rxc3 bxc3 48. Ke1 Be4 49. Kd1 e5 50. Kc1 g4 51. Bxg4 Kg5 52. Bd1 Bh7 53. g4
Be4 54. Bc2 Bf3 55. Bf5 e4 56. Kc2 e3 57. Kxc3 Bd1 58. Kd3 e2 59. Kd2 Kh6 60.
Bd3 e1=Q+ 61. Kxe1 Bxg4 1/2-1/2

[Event "Michigan Senior"]
[Site "Ann Arbor, MI"]
[Date "2001.06.23"]
[Round "2.2"]
[White "Santiago, Reynaldo"]
[Black "Smith, Michael R"]
[Result "1-0"]
[WhiteElo "2007"]
[BlackElo "1946"]
[PlyCount "109"]
[EventDate "2001.06.23"]

1. e4 e6 2. d4 d5 3. e5 c5 4. c3 Nc6 5. Nf3 Qb6 6. a3 c4 7. Nbd2 Bd7 8. Rb1 Na5
9. g3 Nh6 10. Bg2 Nf5 11. O-O Be7 12. g4 Nh4 13. Nxh4 Bxh4 14. f4 Be7 15. f5 f6
16. exf6 Bxf6 17. g5 Be5 18. Qe2 Bc7 19. Bxd5 Bxh2+ 20. Qxh2 exd5 21. Qe5+ Kd8
22. Qxg7 Kc7 23. Nf3 Rag8 24. Bf4+ Kc8 25. Qe5 Bc6 26. Qe6+ Bd7 27. Qxd5 Rf8
28. f6 h6 29. Rbe1 hxg5 30. Re7 Qc6 31. Qxg5 Qxf6 32. Qc5+ Nc6 33. Bg5 Qf5 34.
Qxf5 Rxf5 35. Rg7 Rh3 36. Kg2 Be6 37. Ng1 Bd5+ 38. Kxh3 Rxf1 39. Ne2 Rb1 40.
Nf4 Be4 41. Rg8+ Kd7 42. d5 Ne5 43. Rd8+ Kc7 44. Ne6+ Kb6 45. Rd6+ Ka5 46. Nc5
Bf5+ 47. Kg3 Rxb2 48. Bd8+ b6 49. Ne6 Rd2 50. Kf4 Nf7 51. Rd7 Bxe6 52. Rxa7+
Kb5 53. dxe6 Nxd8 54. e7 Ne6+ 55. Ke5 1-0

[Event "Michigan Senior U1600"]
[Site "Ann Arbor, MI"]
[Date "2001.06.23"]
[Round "2.7"]
[White "Roth, Bruce"]
[Black "Scioly, Tony"]
[Result "0-1"]
[WhiteElo "1535"]
[BlackElo "1533"]
[PlyCount "112"]
[EventDate "2001.06.23"]

1. e4 c5 2. Nf3 d6 3. d4 cxd4 4. Nxd4 Nf6 5. Nc3 g6 6. f3 Bg7 7. Be3 O-O 8. Qd2
Nc6 9. O-O-O Bd7 10. Bh6 Qa5 11. Nxc6 bxc6 12. Bxg7 Kxg7 13. Bc4 Rab8 14. a3
Qb6 15. Na4 Qb7 16. Qc3 c5 17. Bb3 c4 18. Qxc4 Be6 19. Qd3 Bxb3 20. cxb3 Rfc8+
21. Kb1 Qxb3 22. Qxb3 Rxb3 23. Ka2 Rb7 24. Rc1 Rbc7 25. Rxc7 Rxc7 26. Nc3 Rc5
27. Kb1 g5 28. h3 h5 29. Rc1 e6 30. b4 Rc7 31. Nb5 Rd7 32. Rc7 Rxc7 33. Nxc7 d5
34. exd5 Nxd5 35. Nxd5 exd5 36. b5 Kf6 37. a4 Ke6 38. Kc2 Kd6 39. Kb3 Kc5 40.
Kc3 h4 41. a5 Kxb5 42. Kd4 Kxa5 43. Kxd5 Kb4 44. Ke4 a5 45. Kf5 a4 46. Kxg5 a3
47. Kxh4 a2 48. Kg4 a1=Q 49. h4 Qg7+ 50. Kh3 f5 51. g3 Kc4 52. h5 Kd4 53. g4
fxg4+ 54. fxg4 Qg5 55. Kg3 Ke4 56. Kh3 Kf3 0-1